000 00995nam a2200241 i 4500
001 69722
003 ES-MaACL
005 20250407180333.0
007 t|
008 040709s1946 sp ||||1| spa d
100 1 _aGarcía Gisbert, Carlos.
_954686
245 1 3 _aLa cebolla
_b: estudio de su producción y comercio en España /
_cCarlos García Gisbert.
260 _a[Madrid :
_bs.n.,
_c1946]
300 _a234 p., 12 lám. ;
_c25 cm.
500 _aPrecede al tít.: Ministerio de Agricultura, Mapa Agronómico Nacional.
650 4 _99680
_aAgricultura-
_zEspaña
710 1 _aEspaña.
_bMinisterio de Agricultura.
_bMapa Agronómico Nacional.
_93839
852 _aES-MaACL
_jD-6592
_bR.30973
_bR.M.6182
_972322
_cSVI
_fSello en tinta azul de la Biblioteca del Ateneo de Madrid
942 _2udc
_cMONOGRAFIA
999 _c69722
_d69722